Trace Elements and Minerals in Health and Longevity

This book describes the role of trace elements in health and longevity, pursuing a biogerontological approach. It offers essential information on the impact of trace elements on molecular and physiological processes of aging, and on their impact on health in connection with aging. The major topics c...

Full description

Bibliographic Details
Corporate Author: SpringerLink (Online service)
Other Authors: Malavolta, Marco (Editor, http://id.loc.gov/vocabulary/relators/edt), Mocchegiani, Eugenio (Editor, http://id.loc.gov/vocabulary/relators/edt)
Format: Electronic eBook
Language:English
Published: Cham : Springer International Publishing : Imprint: Springer, 2018.
Edition:1st ed. 2018.
Series:Healthy Ageing and Longevity, 8
Subjects:
Online Access:Full Text via HEAL-Link
LEADER 03360nam a2200529 4500
001 978-3-030-03742-0
003 DE-He213
005 20191022043043.0
007 cr nn 008mamaa
008 181113s2018 gw | s |||| 0|eng d
020 |a 9783030037420  |9 978-3-030-03742-0 
024 7 |a 10.1007/978-3-030-03742-0  |2 doi 
040 |d GrThAP 
050 4 |a R-RZ 
072 7 |a MBGR  |2 bicssc 
072 7 |a MED000000  |2 bisacsh 
072 7 |a MBGR  |2 thema 
082 0 4 |a 610  |2 23 
245 1 0 |a Trace Elements and Minerals in Health and Longevity  |h [electronic resource] /  |c edited by Marco Malavolta, Eugenio Mocchegiani. 
250 |a 1st ed. 2018. 
264 1 |a Cham :  |b Springer International Publishing :  |b Imprint: Springer,  |c 2018. 
300 |a IX, 328 p. 19 illus., 16 illus. in color.  |b online resource. 
336 |a text  |b txt  |2 rdacontent 
337 |a computer  |b c  |2 rdamedia 
338 |a online resource  |b cr  |2 rdacarrier 
347 |a text file  |b PDF  |2 rda 
490 1 |a Healthy Ageing and Longevity,  |x 2199-9007 ;  |v 8 
505 0 |a 1. Preface -- Iron -- Copper -- Selenium -- Zinc -- Cobalt -- Chromium -- Boron -- Molybdenum -- Sodium -- Magnesium -- Iodine -- Fluoride -- Potassium -- Manganese -- Calcium -- Index. 
520 |a This book describes the role of trace elements in health and longevity, pursuing a biogerontological approach. It offers essential information on the impact of trace elements on molecular and physiological processes of aging, and on their impact on health in connection with aging. The major topics covered in its 11 chapters, each dedicated to a specific trace element or mineral, are: a) Role of the element in species longevity, b) Recommended intake for longevity in animal species and in the elderly, c) Deficiency and age-related disease, d) Excess/toxicity and age-related disease, and e) Interactions with drugs prescribed in the elderly. Clinical, animal and other laboratory models of interest in aging are included, which enable a more in-depth analysis to be made. The respective chapters are a mixture of overviews and more in-depth reviews in which the mechanisms of aging are described from the point of view of their specific interactions with trace elements and minerals . 
650 0 |a Medicine. 
650 0 |a Cell physiology. 
650 0 |a Geriatrics. 
650 0 |a Developmental biology. 
650 1 4 |a Biomedicine, general.  |0 http://scigraph.springernature.com/things/product-market-codes/B0000X 
650 2 4 |a Cell Physiology.  |0 http://scigraph.springernature.com/things/product-market-codes/L33010 
650 2 4 |a Geriatrics/Gerontology.  |0 http://scigraph.springernature.com/things/product-market-codes/H33150 
650 2 4 |a Developmental Biology.  |0 http://scigraph.springernature.com/things/product-market-codes/L18000 
700 1 |a Malavolta, Marco.  |e editor.  |4 edt  |4 http://id.loc.gov/vocabulary/relators/edt 
700 1 |a Mocchegiani, Eugenio.  |e editor.  |4 edt  |4 http://id.loc.gov/vocabulary/relators/edt 
710 2 |a SpringerLink (Online service) 
773 0 |t Springer eBooks 
776 0 8 |i Printed edition:  |z 9783030037413 
776 0 8 |i Printed edition:  |z 9783030037437 
830 0 |a Healthy Ageing and Longevity,  |x 2199-9007 ;  |v 8 
856 4 0 |u https://doi.org/10.1007/978-3-030-03742-0  |z Full Text via HEAL-Link 
912 |a ZDB-2-SBL 
950 |a Biomedical and Life Sciences (Springer-11642)